000 00641nam a2200241Ia 4500
003 OSt
005 20220928113717.0
006 a|||||r|||| 00| 0
007 ta
008 220927b |||||||| |||| 00| 0 eng d
024 _a20609
037 _cTextual
040 _aSDCL
_cSDCL
_beng
041 _2eng
_aeng
082 _aL:4:56, P8
100 _aDoan Thao
_9434631
245 0 _aLippincott's illustrated reviews
_bImmunology
260 _aNw
_bDelhi Wolters Kluwer
_c2008
300 _avii,336p.
_ccm.
650 _aImmunology
_9434632
942 _hL:4:56, P8
_cTEXL
_2CC
999 _c750937
_d750937